Prenájom majetku obce

Každá obec je základnou jednotkou miestnej samosprávy, ktorá jednak hospodári s vlastným majetkom, ktorý vlastní a jednak je subjektom verejného práva s rozhodovacou právomocou. Spôsoby prenájmu majetku obce podľa zákona o majetku obcí.

Saved in:
Bibliographic Details
Main Author: Hrtánek, Ladislav
Format: Book Chapter
Language:Slovak
Subjects:
Tags: Add Tag
No Tags, Be the first to tag this record!

MARC

LEADER 00000naa a2200000 4500
001 0236304
005 20171005141127.4
041 0 |a slo 
044 |a SK 
245 1 0 |a Prenájom majetku obce  |c Ladislav Hrtánek 
520 |a Každá obec je základnou jednotkou miestnej samosprávy, ktorá jednak hospodári s vlastným majetkom, ktorý vlastní a jednak je subjektom verejného práva s rozhodovacou právomocou. Spôsoby prenájmu majetku obce podľa zákona o majetku obcí. 
610 2 0 |a samospráva miestna 
610 2 0 |a obce 
610 2 0 |a majetok 
610 2 0 |a prenájom 
610 2 0 |a zmluvy nájomné 
610 2 0 |a súťaž verejná 
100 1 |a Hrtánek, Ladislav